Massachusetts General Knowledge - Statistics

General Stats
  • This quiz has been taken 177 times
  • The average score is 11 of 15
Answer Stats
Hint Answer % Correct
Small town famous for the 1692 Witch Trials Salem
99%
Capital and Largest city known for its history Boston
98%
Famous MLB team in Boston Red Sox
97%
Prestigious ivy league university in Mass. Harvard
96%
NFL team for New England based in Boston Patriots
93%
2nd U.S. pesident born and died in Massachusetts John Adams
91%
City and location of above university + others Cambridge
80%
Nickname: ___ State Bay
77%
Second largest city, in central Massachusetts Worcester
71%
Major city in western massachusetts on a river Springfield
67%
2.5-mile-long path through downtown Boston Freedom Trail
66%
Famous historic marketplace in downtown Faneuil Hall
47%
Historic wooden US Navy ship in Boston USS Constitution
45%
Famous actor and businessman from Boston Mark Wahlberg
40%
Major insurance company HQed in Boston Liberty Mutual
15%
No matching quizzes found
Score Distribution
Percent of People with Each Score
Percentile by Number Answered
Your Score History
You have not taken this quiz